000 00543nam a22001937a 4500
999 _c6201
_d6201
003 OSt
005 20241205165332.0
008 130508s2005 sp ||||| |||| 00| 0 spa d
020 _a8449318351
040 _cCDMR
_bcat
100 1 _9379
_aMattelart, Armand
245 1 _aDiversidad cultural y mundialización
_c/ Armand Mattelart
260 _aBarcelona :
_bPaidós,
_c2005
300 _a177 p.
490 _aPaidós Comunicación
_v; 168
650 0 4 _93350
_aGlobalització
650 0 4 _92777
_aComunicació intercultural
942 _2udc
_cMON